000 00581nam a2200181Ia 4500
003 GCL
008 140319s9999 xx 000 0 ara d
040 _aGCL /
_cGCL
082 0 4 _a214
_bا ل
100 1 _aاحمد موسى سالم
245 1 0 _aلماذا ظهر الاسلام فى جزيزة العرب /
_cاحمد موسى سالم
260 _aبيروت :
_bدار الجيل ،
_c1991
300 _a335 ص ؛
_c24 سم
490 _a
650 0 4 _aالثقافة الاسلامية
650 0 4 _aالاسلام - تاريخ - عصر النشأة
942 _2ddc
_cBK
999 _c54613
_d54613